MARC

LEADER 00000nam0a2200000 4500
001 203394
005 20231031185620.0
035 |a (RuTPU)RU\TPU\book\221648 
090 |a 203394 
100 |a 20111105g1991 m a0rusy5003 ca 
101 0 |a rus 
102 |a RU 
105 |a a z 000zy 
200 1 |a Радиоежегодник - 91  |f сост. А. В. Гороховский 
210 |a Москва  |d 1991  |c Патриот 
215 |d 21 см  |e (ил.)  |a 159 с. 
306 |a Изд. выходит с 1981 г. 
610 1 |a радиотехника 
610 1 |a магнитная запись 
610 1 |a воспроизведение 
610 1 |a техника 
610 1 |a проигрыватели 
610 1 |a компакт-диски 
675 |a 621.396  |z rus 
702 1 |a Гороховский  |b А. В.  |4 220 
801 0 |a RU  |b RuMRKP  |c 19950704  |g psbo 
801 1 |a RU  |b 63413507  |c 20111105 
801 2 |a RU  |b 63413507  |c 20111114  |g RCR 
942 |c BK